000 00578nam a22001817a 4500
003 DO-SdBNP
005 20220128094346.0
007 ta
008 220128b2021 ||||| |||| 00| 0 spa d
020 _a9789945491937
040 _aDO-SdBNP
_bspa
_cBNPHU
245 _aSecretos para construir una familia que perdure :
_btestimonios de vida /
_cMáxima Ovalles de Padilla
260 _aSantiago de los Caballeros, República Dominicana :
_bEditorial de la Rosa,
_c2021
300 _a156 p. :
_bil. ;
_c22 cm
590 _aInventariado, 2022 / DG
910 _aDG
942 _2ddc
_cLBS1
999 _c51253
_d51253